Indian personalty for television (Record no. 498711)

000 -LEADER
fixed length control field 00389cam a22001097a 4500
008 - FIXED-LENGTH DATA ELEMENTS--GENERAL INFORMATION
fixed length control field 180718b xxu||||| |||| 00| 0 eng d
082 ## - DEWEY DECIMAL CLASSIFICATION NUMBER
Classification number W948x54 In2
245 ## - TITLE STATEMENT
Title Indian personalty for television
Statement of responsibility, etc. by Ministry of Infromation and Broadcasting, India
260 ## - PUBLICATION, DISTRIBUTION, ETC.
Place of publication, distribution, etc. Delhi
Name of publisher, distributor, etc. India Offset Press
Date of publication, distribution, etc.
500 ## - GENERAL NOTE
General note Contents : Library has V.1,2& 3
700 ## - ADDED ENTRY--PERSONAL NAME
Personal name India.Ministry of Infromation and Broadcasting
Holdings
Withdrawn status Lost status Damaged status Not for loan Permanent Location Current Location Date acquired Full call number Barcode Date last seen Price effective from Koha item type
        Indian Institute of Public Administration Indian Institute of Public Administration 2018-08-04 W948x54 In2 G16654 2018-08-04 2018-08-04 G
        Indian Institute of Public Administration Indian Institute of Public Administration 2018-08-04 W948x54 In2 G16653 2018-08-04 2018-08-04 G
        Indian Institute of Public Administration Indian Institute of Public Administration 2018-08-04 W948x54 In2 GG20156 2018-08-04 2018-08-04 GG

Powered by Koha